Hướng dẫn chi tiết và thi hành luật giáo dục quy định mới về trách nhiệm quản lý, đổi mới và phát triển của nhà nước đối với ngành giáo dục

Hướng dẫn chi tiết thi hành luật giáo dục quy định mới về trách nhiệm quản lý, đổi mới và phát triển của nhà nước đối với ngành giáo dục

Gardado en:
Detalles Bibliográficos
Outros autores: Quý Long (s.t.), Kim Thư (s.t.)
Formato: Libro
Idioma:Vietnamese
Publicado: H. Lao động 2011
Những chủ đề:
Các nhãn: Engadir etiqueta
Sen Etiquetas, Sexa o primeiro en etiquetar este rexistro!
Thư viện lưu trữ: Mạng thư viện Đại học Đà Nẵng
LEADER 01483aam a22003618a 4500
001 000016685
003 13088
005 20121204101224.0
008 121204s2011 viesd
020 |c 325000đ  |d 1000b 
041 0 |a vie 
082 1 4 |2 14  |a 344.59707  |b Hươ 
245 1 0 |a Hướng dẫn chi tiết và thi hành luật giáo dục quy định mới về trách nhiệm quản lý, đổi mới và phát triển của nhà nước đối với ngành giáo dục  |c Quý Long, Kim Thư st. 
260 |a H.  |b Lao động  |c 2011 
300 |a 495 tr.  |c 28 cm. 
504 |a Thư mục: tr. 491-495 
520 |a Hướng dẫn chi tiết thi hành luật giáo dục quy định mới về trách nhiệm quản lý, đổi mới và phát triển của nhà nước đối với ngành giáo dục 
650 7 |2 Bộ TK TVQG 
650 7 |2 Bộ TK TVQG  |a luật giáo dục 
650 7 |2 Bộ TK TVQG 
655 7 |2 Bộ TK TVQG  |a Giáo trình 
700 1 |a Quý Long  |e s.t. 
700 1 |a Kim Thư  |e s.t. 
OWN |a LSP 
AVA |a UDN50  |b LSP  |d 344.59707 Hươ  |e available  |t Error 5001 Not defined in file expand_doc_bib_avail.  |f 4  |g 0  |h N  |i 0  |k 1 
999 |a From the UDN01 
AVA |a UDN50  |b LSP  |d 344.59707 Hươ  |e available  |t Error 5001 Not defined in file expand_doc_bib_avail.  |f 4  |g 0  |h N  |i 0  |k 1 
TYP |a Monograph 
TYP |a Printed language 
980 |a Mạng thư viện Đại học Đà Nẵng